Código civil español : (Record no. 44475)

MARC details
000 -LEADER
campo de control de longitud fija 01035nam a2200217 i 4500
001 - NÚMERO DE CONTROL
campo de control 44475
003 - IDENTIFICADOR DE NÚMERO DE CONTROL
campo de control ES-MaACL
005 - FECHA Y HORA DE LA ÚLTIMA TRANSACCIÓN
campo de control 20230926145230.0
007 - CAMPO FIJO DE DESCRIPCIÓN FÍSICA--INFORMACIÓN GENERAL
campo de control de longitud fija t|
008 - DATOS DE LONGITUD FIJA--INFORMACIÓN GENERAL
campo de control de longitud fija 030321s1966 sp ||||1| spa d
245 00 - MENCIÓN DEL TÍTULO
Título Código civil español :
Resto del título ajustado a la edición oficial, anotado con la legislación complementaria y seguido de un repertorio alfabético de materias y de un apéndice que contiene el correspondiente al derecho foral de Aragón y las compilaciones de derecho foral o especial.
246 3# - FORMA VARIANTE DEL TITULO
Título propio/Titulo breve Código civil español, legislaciones forales o especiales y leyes complementarias
250 ## - MENCION DE EDICION
Mención de edición 7ª ed. corr.
260 ## - PUBLICACIÓN, DISTRIBUCIÓN, ETC.
Lugar de publicación, distribución, etc. Madrid :
Nombre del editor, distribuidor, etc. Reus,
Fecha de publicación, distribución, etc. 1966.
300 ## - DESCRIPCIÓN FÍSICA
Extensión 800 p. ;
Dimensiones 14 cm.
852 4# - LOCALIZACIÓN
Ubicación ES-MaACL
Número de control de estantería A-5463
Encuadernación Expurgado en 2022: triplicado; ejemplar deteriorado ;
Ubicación en estantería Depósito J
852 4# - LOCALIZACIÓN
Ubicación ES-MaACL
Número de control de estantería A-5474
Encuadernación Expurgado en 2022: ejemplar deteriorado; ejemplar falto de páginas
Ubicación en estantería Depósito J
852 4# - LOCALIZACIÓN
Ubicación Es-MaACL
Número de control de estantería A-5476
Ubicación en estantería Sala Pecera Planta 1
itemnumber 46130
942 ## - ELEMENTOS DE ENTRADA SECUNDARIOS (KOHA)
Fuente del sistema de clasificación o colocación Clasificación decimal universal
Tipo de ítem Koha Libro impreso
Holdings
Estatus retirado Estado de pérdida Estado de daño No para préstamo Biblioteca de origen Biblioteca actual Ubicación en estantería Fecha de adquisición Fuente de adquisición Total de préstamos Signatura topográfica completa Código de barras Visto por última vez Precio de reemplazo Tipo de ítem Koha Fuente del sistema de clasificación o colocación
        Biblioteca del Ateneo de Madrid Biblioteca del Ateneo de Madrid Sala Pecera Planta 1 17/01/2008     A-5476 1046806 23/02/2023 23/02/2023 Libro impreso  
Expurgado       Biblioteca del Ateneo de Madrid Biblioteca del Ateneo de Madrid Depósito J 17/01/2008     A-5463 1046804 23/02/2023 23/02/2023 Libro impreso Clasificación decimal universal
Expurgado       Biblioteca del Ateneo de Madrid Biblioteca del Ateneo de Madrid Depósito J 17/01/2008     A-5474 1046805 23/02/2023 23/02/2023 Libro impreso Clasificación decimal universal